000
00265nam a2200109Ia 4500
008
240625s9999 xx 000 0 und d
041
_a
eng
082
_a
657.3 PEN
100
_a
PENMAN STEPHEN H
245
_a
FINANCIAL STATEMENT ANALYSIS AND SECURIT
260
_c
2014
999
_c
39753
_d
39753